[Event "MCR_CF01"]
[Site "?"]
[Date "2005.??.??"]
[Round "?"]
[White "Goc, Pavel"]
[Black "Hampl, Bohumil"]
[Result "1-0"]
[WhiteElo "2106"]
[BlackElo "2003"]
[PlyCount "41"]
[EventDate "2005.??.??"]
[EventType "corr"]
[EventRounds "2"]
[SourceDate "2005.03.12"]

1. e4 e5 2. Nf3 Nf6 3. Nxe5 d6 4. Nf3 Nxe4 5. d4 d5 6. Bd3 Nc6 7. O-O Bg4 8.
Re1 Be7 9. c3 f5 10. Qb3 O-O 11. Nbd2 Na5 12. Qa4 Nc6 13. Bb5 Rf6 14. Bxc6 Rxc6
15. Ne5 Ra6 16. Qc2 Bh5 17. f3 Bh4 18. Re2 c5 19. g4 Bf2+ 20. Kh1 Bxg4 21. fxg4
1-0

[Event "MCR_CF01"]
[Site "?"]
[Date "2005.??.??"]
[Round "?"]
[White "Goc, Pavel"]
[Black "Houdek, Vladimir"]
[Result "1-0"]
[WhiteElo "2106"]
[BlackElo "2151"]
[PlyCount "45"]
[EventDate "2005.??.??"]
[EventType "corr"]
[EventRounds "2"]
[SourceDate "2005.03.12"]

1. e4 e6 2. d4 d5 3. Nc3 Nf6 4. Bg5 dxe4 5. Nxe4 Be7 6. Bxf6 Bxf6 7. Nf3 O-O 8.
Qd2 Nd7 9. O-O-O b6 10. Bc4 Bb7 11. Rhe1 Bxe4 12. Rxe4 c6 13. g4 Be7 14. g5 b5
15. Bd3 a5 16. Rh4 g6 17. Rh6 Qc7 18. h4 Bd6 19. Qe2 Bf4+ 20. Kb1 Nf6 21. Rg1
Kh8 22. h5 Nxh5 23. Rh1 1-0

[Event "MCR_CF01"]
[Site "?"]
[Date "2005.??.??"]
[Round "?"]
[White "Goc, Pavel"]
[Black "Kudr, Roman"]
[Result "1/2-1/2"]
[WhiteElo "2106"]
[BlackElo "1987"]
[PlyCount "69"]
[EventDate "2005.??.??"]
[EventType "corr"]
[EventRounds "2"]
[SourceDate "2005.03.12"]

1. e4 c6 2. d4 d5 3. Nc3 dxe4 4. Nxe4 Nd7 5. Ng5 Ngf6 6. Bd3 e6 7. N1f3 Bd6 8.
Qe2 h6 9. Ne4 Nxe4 10. Qxe4 Qc7 11. Qg4 Kf8 12. O-O c5 13. c3 b6 14. Qh4 Bb7
15. Be4 Bxe4 16. Qxe4 Rd8 17. Re1 Nf6 18. Qh4 Rh7 19. dxc5 bxc5 20. Qc4 g5 21.
g3 Kg7 22. Be3 Qb7 23. Nd2 Qxb2 24. Nb3 Nd5 25. Bxc5 Bxc5 26. Qxc5 Qxc3 27.
Qxa7 Rhh8 28. Rxe6 Ra8 29. Qb7 Rhb8 30. Qxd5 fxe6 31. Qd7+ Kf6 32. Rc1 Qe5 33.
Rc7 Qe1+ 34. Kg2 Qe4+ 35. Kg1 1/2-1/2

[Event "MCR_CF01"]
[Site "?"]
[Date "2005.??.??"]
[Round "?"]
[White "Goc, Pavel"]
[Black "Trs, Jan"]
[Result "1/2-1/2"]
[WhiteElo "2106"]
[BlackElo "2220"]
[PlyCount "55"]
[EventDate "2005.??.??"]
[EventType "corr"]
[EventRounds "2"]
[SourceDate "2005.03.12"]

1. e4 c5 2. Nf3 d6 3. d4 cxd4 4. Nxd4 Nf6 5. Nc3 e6 6. Be2 Nc6 7. O-O Be7 8.
Be3 O-O 9. f4 Bd7 10. Qe1 Nxd4 11. Bxd4 Bc6 12. Qg3 g6 13. Bd3 Nh5 14. Qe3 Nxf4
15. Rxf4 e5 16. Rf3 Bg5 17. Qf2 exd4 18. Qxd4 Bh6 19. Nd5 Bxd5 20. Qxd5 Qb6+
21. Kh1 Qc6 22. Raf1 Qxd5 23. exd5 Rac8 24. g4 Bg7 25. c4 Bxb2 26. Rb1 Bd4 27.
Rxb7 Rce8 28. Kg2 1/2-1/2

[Event "MCR_CF01"]
[Site "?"]
[Date "2005.??.??"]
[Round "?"]
[White "Hampl, Bohumil"]
[Black "Goc, Pavel"]
[Result "0-1"]
[WhiteElo "2003"]
[BlackElo "2106"]
[PlyCount "42"]
[EventDate "2005.??.??"]
[EventType "corr"]
[EventRounds "2"]
[SourceDate "2005.03.12"]

1. e4 e5 2. Nf3 Nc6 3. d4 exd4 4. Nxd4 Nf6 5. Nxc6 bxc6 6. e5 Qe7 7. Qe2 Nd5 8.
c4 Ba6 9. g3 g6 10. b3 Bg7 11. Bb2 O-O 12. f4 f6 13. exf6 Qb4+ 14. Kd1 Nxf6 15.
Qd2 Qb7 16. Nc3 d5 17. cxd5 Bxf1 18. Rxf1 cxd5 19. Kc2 Rad8 20. Qd3 d4 21. Nb5
Nd5 0-1

[Event "MCR_CF01"]
[Site "?"]
[Date "2005.??.??"]
[Round "?"]
[White "Hampl, Bohumil"]
[Black "Houdek, Vladimir"]
[Result "0-1"]
[WhiteElo "2003"]
[BlackElo "2151"]
[PlyCount "84"]
[EventDate "2005.??.??"]
[EventType "corr"]
[EventRounds "2"]
[SourceDate "2005.03.12"]

1. e4 e6 2. d4 d5 3. Nd2 c5 4. Ngf3 cxd4 5. Nxd4 Nc6 6. Nxc6 bxc6 7. Bd3 Nf6 8.
exd5 cxd5 9. c4 Bd6 10. O-O O-O 11. cxd5 Nxd5 12. Ne4 Be7 13. Qe2 Bb7 14. Rd1
Rc8 15. Bd2 Qb6 16. Rac1 h6 17. b3 Rxc1 18. Rxc1 Rd8 19. Bc2 Ba3 20. Rd1 Bb2
21. Qe1 Rc8 22. Bd3 Ba6 23. Qe2 Bxd3 24. Qxd3 Be5 25. a3 Qb8 26. h3 f5 27. Ng3
Rd8 28. Ba5 Rd6 29. Qc2 Bxg3 30. fxg3 Ne3 31. Rxd6 Nxc2 32. Rd8+ Qxd8 33. Bxd8
Nxa3 34. Bc7 Nc2 35. Kf2 Nd4 36. b4 Kf7 37. Be5 Nc6 38. Bc3 a6 39. Kf3 e5 40.
g4 g6 41. gxf5 gxf5 42. g3 Ke6 0-1

[Event "MCR_CF01"]
[Site "?"]
[Date "2005.??.??"]
[Round "?"]
[White "Houdek, Vladimir"]
[Black "Goc, Pavel"]
[Result "1/2-1/2"]
[WhiteElo "2151"]
[BlackElo "2106"]
[PlyCount "49"]
[EventDate "2005.??.??"]
[EventType "corr"]
[EventRounds "2"]
[SourceDate "2005.03.12"]

1. Nf3 d5 2. d4 Nf6 3. Bf4 e6 4. e3 c5 5. c3 Qb6 6. Qc2 Nc6 7. Nbd2 Bd7 8. h3
Rc8 9. dxc5 Bxc5 10. Be2 O-O 11. O-O Rfe8 12. Bg5 Be7 13. Rad1 Red8 14. Bf4 Na5
15. b3 Bb5 16. c4 dxc4 17. bxc4 Nd5 18. Be5 Nxe3 19. fxe3 Qxe3+ 20. Rf2 Bc5 21.
Ne4 Rxd1+ 22. Qxd1 Qxe4 23. cxb5 Bxf2+ 24. Kxf2 b6 25. Qd7 1/2-1/2

[Event "MCR_CF01"]
[Site "?"]
[Date "2005.??.??"]
[Round "?"]
[White "Houdek, Vladimir"]
[Black "Hampl, Bohumil"]
[Result "1-0"]
[WhiteElo "2151"]
[BlackElo "2003"]
[PlyCount "23"]
[EventDate "2005.??.??"]
[EventType "corr"]
[EventRounds "2"]
[SourceDate "2005.03.12"]

1. Nf3 Nf6 2. c4 g6 3. g3 Bg7 4. d4 O-O 5. Bg2 d6 6. Nc3 c5 7. O-O cxd4 8. Nxd4
Qa5 9. Bd2 Qc5 10. Be3 Qxc4 11. Rc1 Na6 12. Nd5 1-0

[Event "MCR_CF01"]
[Site "?"]
[Date "2005.??.??"]
[Round "?"]
[White "Kudr, Roman"]
[Black "Goc, Pavel"]
[Result "0-1"]
[WhiteElo "1987"]
[BlackElo "2106"]
[PlyCount "58"]
[EventDate "2005.??.??"]
[EventType "corr"]
[EventRounds "2"]
[SourceDate "2005.03.12"]

1. e4 e5 2. Nf3 Nc6 3. Bb5 a6 4. Ba4 Nf6 5. O-O Be7 6. Re1 b5 7. Bb3 d6 8. c3
O-O 9. h3 Na5 10. Bc2 c5 11. d4 Qc7 12. Nbd2 cxd4 13. cxd4 Bb7 14. d5 Rac8 15.
Bd3 Nd7 16. Nf1 f5 17. Ng3 f4 18. Nf5 Rxf5 19. exf5 Nf6 20. a4 Bxd5 21. axb5
Nb3 22. Rb1 axb5 23. Bxb5 Qb7 24. Ba4 Kf8 25. Ng5 Nd4 26. f3 Nxf5 27. Bc2 Nd4
28. Nxh7+ Nxh7 29. Bxh7 Bxf3 0-1

[Event "MCR_CF01"]
[Site "?"]
[Date "2005.??.??"]
[Round "?"]
[White "Kudr, Roman"]
[Black "Trs, Jan"]
[Result "0-1"]
[WhiteElo "1987"]
[BlackElo "2220"]
[PlyCount "56"]
[EventDate "2005.??.??"]
[EventType "corr"]
[EventRounds "2"]
[SourceDate "2005.03.12"]

1. e4 c5 2. Nf3 d6 3. d4 cxd4 4. Nxd4 Nf6 5. Nc3 e6 6. Be2 Be7 7. Be3 O-O 8.
O-O Nc6 9. f4 e5 10. fxe5 dxe5 11. Nxc6 bxc6 12. Qe1 Be6 13. a3 Qc7 14. Qg3
Rab8 15. b3 Kh8 16. Kh1 Rfd8 17. Bg5 Rd4 18. Bf3 Rbd8 19. Be3 R4d7 20. Na4 Qa5
21. Kg1 h6 22. Qf2 Nh7 23. Nc5 Rd2 24. Bxd2 Rxd2 25. Nb7 Qc3 26. Qxa7 Ng5 27.
Bh5 Nxe4 28. Rac1 Rxg2+ 0-1

[Event "MCR_CF01"]
[Site "?"]
[Date "2005.??.??"]
[Round "?"]
[White "Trs, Jan"]
[Black "Goc, Pavel"]
[Result "1/2-1/2"]
[WhiteElo "2220"]
[BlackElo "2106"]
[PlyCount "52"]
[EventDate "2005.??.??"]
[EventType "corr"]
[EventRounds "2"]
[SourceDate "2005.03.12"]

1. d4 Nf6 2. c4 e6 3. Nf3 b6 4. g3 Ba6 5. Qa4 Bb7 6. Bg2 c5 7. dxc5 Bxc5 8. O-O
O-O 9. Nc3 Be7 10. Bf4 Na6 11. Rfd1 Nc5 12. Qc2 Qc8 13. Rac1 Nce4 14. Nd4 Nxc3
15. Qxc3 Bxg2 16. Kxg2 Qb7+ 17. Qf3 Qxf3+ 18. Kxf3 Nh5 19. Be5 f6 20. Bc7 f5
21. Nb5 Nf6 22. b3 g5 23. Nd6 Kg7 24. Kg2 Kg6 25. a3 h5 26. h3 h4 1/2-1/2

[Event "MCR_CF01"]
[Site "?"]
[Date "2005.??.??"]
[Round "?"]
[White "Trs, Jan"]
[Black "Kyzlink, Vladimir"]
[Result "1-0"]
[WhiteElo "2220"]
[BlackElo "2086"]
[PlyCount "47"]
[EventDate "2005.??.??"]
[EventType "corr"]
[EventRounds "2"]
[SourceDate "2005.03.12"]

1. d4 d5 2. c4 Nf6 3. cxd5 Nxd5 4. Nf3 g6 5. e4 Nb6 6. Nc3 Bg7 7. Qc2 Bg4 8.
Ne5 Bxe5 9. dxe5 O-O 10. Bh6 Re8 11. f3 Be6 12. Qf2 Nc6 13. Rd1 Qc8 14. Bb5 Bd7
15. f4 a6 16. Bxc6 Bxc6 17. f5 Nc4 18. Qd4 b5 19. b3 Nb6 20. e6 f6 21. O-O Bb7
22. e5 c5 23. Qg4 g5 24. exf6 1-0

[Event "MCR_CF01"]
[Site "?"]
[Date "2005.??.??"]
[Round "?"]
[White "Houdek, Vladimir"]
[Black "Kudr, Roman"]
[Result "1-0"]
[WhiteElo "2151"]
[BlackElo "1987"]
[PlyCount "99"]
[EventDate "2005.??.??"]
[EventType "corr"]
[EventRounds "2"]
[SourceDate "2005.03.12"]

1. Nf3 Nf6 2. c4 g6 3. g3 Bg7 4. d4 O-O 5. Bg2 d6 6. O-O Nbd7 7. Nc3 e5 8. e4
c6 9. h3 Re8 10. Re1 a5 11. b3 exd4 12. Nxd4 Nc5 13. Bf4 Qc7 14. Nc2 Re6 15.
Qd2 Nh5 16. Be3 Bd7 17. g4 Nf6 18. f3 b6 19. Rad1 Ne8 20. Bg5 h5 21. Nd4 Re5
22. Bf4 hxg4 23. hxg4 Re7 24. Bg5 Bxd4+ 25. Qxd4 Ne6 26. Qe3 Nxg5 27. Qxg5 Qd8
28. Kf2 Be6 29. Rh1 Rc7 30. Qe3 Qf6 31. g5 Qg7 32. Kg3 b5 33. Bf1 b4 34. Na4 f5
35. c5 fxe4 36. Nb6 Rd8 37. Qxe4 Re7 38. Qxc6 Qe5+ 39. f4 Qc3+ 40. Qf3 Qxc5 41.
Nd5 Bxd5 42. Qxd5+ Qxd5 43. Rxd5 Nc7 44. Rxa5 d5 45. Kg4 Rd6 46. Bd3 Rc6 47.
Ra4 Re3 48. Rd1 Rb6 49. Ra7 Nb5 50. Bxb5 1-0

[Event "MCR_CF01"]
[Site "?"]
[Date "2005.??.??"]
[Round "?"]
[White "Houdek, Vladimir"]
[Black "Kyzlink, Vladimir"]
[Result "1-0"]
[WhiteElo "2151"]
[BlackElo "2086"]
[PlyCount "105"]
[EventDate "2005.??.??"]
[EventType "corr"]
[EventRounds "2"]
[SourceDate "2005.03.12"]

1. Nf3 d5 2. d4 Nf6 3. c4 c6 4. e3 g6 5. Nc3 Bg7 6. cxd5 cxd5 7. Bb5+ Bd7 8.
Qb3 Bxb5 9. Qxb5+ Qd7 10. Ne5 Qxb5 11. Nxb5 Na6 12. Bd2 Ne4 13. Rc1 Bxe5 14.
dxe5 Kd7 15. f3 Nec5 16. Ke2 Ne6 17. Rhd1 Nec7 18. Nxc7 Nxc7 19. e4 e6 20. a4
Rac8 21. h4 h5 22. Bg5 Rhe8 23. b3 Rb8 24. Be3 b6 25. b4 Rec8 26. b5 Ne8 27.
exd5 Rxc1 28. Bxc1 Rc8 29. d6 Rc4 30. Bg5 Rxa4 31. Rb1 Ra2+ 32. Ke3 Ra3+ 33.
Kf4 Ra4+ 34. Kg3 Ng7 35. Rc1 Ne8 36. Rc2 Ra5 37. Rb2 Ra4 38. Rb3 Ng7 39. Kf2
Ra2+ 40. Ke3 Ne8 41. Rb4 Ra3+ 42. Kf2 Ra2+ 43. Kg3 Nxd6 44. Rd4 Rb2 45. Rxd6+
Kc7 46. Bd8+ Kc8 47. Bf6 Rxb5 48. Rd8+ Kc7 49. Rf8 a5 50. Rxf7+ Kc6 51. Re7 a4
52. Rxe6+ Kd5 53. Rd6+ 1-0

[Event "MCR_CF01"]
[Site "?"]
[Date "2005.??.??"]
[Round "?"]
[White "Kudr, Roman"]
[Black "Hampl, Bohumil"]
[Result "0-1"]
[WhiteElo "1987"]
[BlackElo "2003"]
[PlyCount "97"]
[EventDate "2005.??.??"]
[EventType "corr"]
[EventRounds "2"]
[SourceDate "2005.03.12"]

1. e4 e5 2. Nf3 Nf6 3. Nc3 Nc6 4. d4 exd4 5. Nxd4 Bb4 6. Nxc6 bxc6 7. Bd3 d5 8.
exd5 cxd5 9. O-O O-O 10. Bg5 c6 11. Re1 h6 12. Bh4 g5 13. Bg3 d4 14. a3 dxc3
15. axb4 cxb2 16. Rb1 Bg4 17. f3 Bh5 18. Be5 Nd5 19. Rxb2 Qb6+ 20. Kh1 Rfe8 21.
Qd2 Rad8 22. b5 c5 23. Qc1 Nb4 24. Bc4 Bg6 25. f4 gxf4 26. Qxf4 Re7 27. Rf1 Nd5
28. Qg3 Kh7 29. Ra2 Qb7 30. Bd3 Rg8 31. Rfa1 c4 32. Bxc4 Be4 33. Rxa7 Rxg3 34.
Rxb7 Rxg2 35. Bd3 Bxd3 36. Rxe7 Be4 37. Ra4 Nxe7 38. Rxe4 Rxc2 39. Re1 Ng6 40.
Ba1 Nh4 41. Rf1 Rc7 42. b6 Rb7 43. Bd4 Kg6 44. Ra1 Nf3 45. Ra7 Rb8 46. Bc5 Nd2
47. b7 Ne4 48. Bb6 Nd6 49. Ra6 0-1

[Event "MCR_CF01"]
[Site "?"]
[Date "2005.??.??"]
[Round "?"]
[White "Kudr, Roman"]
[Black "Kyzlink, Vladimir"]
[Result "1-0"]
[WhiteElo "1987"]
[BlackElo "2086"]
[PlyCount "85"]
[EventDate "2005.??.??"]
[EventType "corr"]
[EventRounds "2"]
[SourceDate "2005.03.12"]

1. e4 e5 2. Nf3 Nc6 3. Bb5 a6 4. Ba4 Nf6 5. O-O Be7 6. Re1 b5 7. Bb3 O-O 8. c3
d6 9. h3 a5 10. d4 exd4 11. cxd4 d5 12. exd5 Na7 13. Bg5 h6 14. Bxf6 Bxf6 15.
Nc3 Bf5 16. Bc2 Bxc2 17. Qxc2 b4 18. Ne4 Nb5 19. Qc6 Rb8 20. Nxf6+ Qxf6 21.
Qxf6 gxf6 22. Rac1 Rfd8 23. Rc5 Kf8 24. Kf1 Rb7 25. Rec1 Rd7 26. Nh4 Kg7 27.
Nf5+ Kg6 28. g4 a4 29. R1c4 Nd6 30. Nxd6 cxd6 31. Ra5 a3 32. bxa3 bxa3 33. Rxa3
Rb5 34. Ra8 f5 35. a4 Rxd5 36. a5 fxg4 37. hxg4 Kf6 38. Ra4 Rb5 39. a6 Re7 40.
a7 Rbb7 41. Ra5 Ke6 42. f4 Rbd7 43. Rh8 1-0

[Event "MCR_CF01"]
[Site "?"]
[Date "2005.??.??"]
[Round "?"]
[White "Kyzlink, Vladimir"]
[Black "Houdek, Vladimir"]
[Result "0-1"]
[WhiteElo "2086"]
[BlackElo "2151"]
[PlyCount "104"]
[EventDate "2005.??.??"]
[EventType "corr"]
[EventRounds "2"]
[SourceDate "2005.03.12"]

1. c4 e5 2. Nc3 Nf6 3. Nf3 Nc6 4. e4 Bb4 5. d3 O-O 6. g3 d6 7. Bg2 Bg4 8. h3
Bxf3 9. Bxf3 Nd4 10. Bg2 a5 11. O-O Bc5 12. Kh2 c6 13. f4 b5 14. cxb5 cxb5 15.
Be3 b4 16. Na4 Ba7 17. fxe5 dxe5 18. Bg5 Rc8 19. Rc1 Rxc1 20. Qxc1 Ne6 21. Bxf6
gxf6 22. Qd2 Kg7 23. b3 Bd4 24. Qe2 Rg8 25. Rc1 Kh8 26. Rf1 Qf8 27. h4 Qg7 28.
Qf3 Rc8 29. Qe2 Qh6 30. Nb2 Bxb2 31. Qxb2 Nd4 32. Rf2 Kg7 33. Qd2 Qh5 34. Qe1
Rc3 35. Qf1 Qg6 36. Kh3 h5 37. Kh2 Qh6 38. Bh3 Rc2 39. Rxc2 Nxc2 40. Qf2 Qc1
41. g4 hxg4 42. Bxg4 Nd4 43. Bh3 Qb1 44. h5 Qxd3 45. h6+ Kh7 46. Qxf6 Qe2+ 47.
Kh1 Qf3+ 48. Qxf3 Nxf3 49. Bf1 Kxh6 50. Kg2 Nd2 51. Bd3 Kg5 52. Kg3 f5 0-1

[Event "MCR_CF01"]
[Site "?"]
[Date "2005.??.??"]
[Round "?"]
[White "Kyzlink, Vladimir"]
[Black "Kudr, Roman"]
[Result "0-1"]
[WhiteElo "2086"]
[BlackElo "1987"]
[PlyCount "102"]
[EventDate "2005.??.??"]
[EventType "corr"]
[EventRounds "2"]
[SourceDate "2005.03.12"]

1. e4 c6 2. d4 d5 3. e5 Bf5 4. Nf3 e6 5. Be2 c5 6. Be3 Qb6 7. Nc3 Nc6 8. O-O
Qxb2 9. Nb5 Rc8 10. dxc5 Qxc2 11. Qxc2 Bxc2 12. Nd6+ Bxd6 13. cxd6 Bg6 14. Rfc1
Kd7 15. Bb5 a6 16. Bxc6+ Rxc6 17. Nd4 Rc4 18. Nb3 Nh6 19. Na5 Rxc1+ 20. Rxc1
Rc8 21. Nxb7 Ng4 22. Nc5+ Rxc5 23. Rxc5 Nxe5 24. Rc7+ Kxd6 25. Ra7 Bd3 26. Bf4
g5 27. Bxe5+ Kxe5 28. Rxf7 g4 29. Re7 Kf6 30. Rd7 Bb5 31. Rxh7 d4 32. Rb7 d3
33. Rxb5 axb5 34. Kf1 b4 35. Ke1 e5 36. Kd2 e4 37. Ke3 Ke5 38. h3 g3 39. fxg3
Kd5 40. h4 Kc4 41. h5 Kc3 42. h6 d2 43. h7 d1=Q 44. h8=Q+ Kc2 45. Kxe4 Qd3+ 46.
Kf4 Qc4+ 47. Kf3 Qxa2 48. Qc8+ Kd1 49. Qd7+ Kc1 50. Qd4 Qb3+ 51. Ke4 Qc2+ 0-1

[Event "MCR_CF01"]
[Site "?"]
[Date "2005.??.??"]
[Round "?"]
[White "Goc, Pavel"]
[Black "Kyzlink, Vladimir"]
[Result "1/2-1/2"]
[WhiteElo "2106"]
[BlackElo "2086"]
[PlyCount "78"]
[EventDate "2005.??.??"]
[EventType "corr"]
[EventRounds "2"]
[SourceDate "2005.03.12"]

1. e4 e5 2. Nf3 Nc6 3. d4 exd4 4. c3 Nf6 5. e5 Nd5 6. cxd4 d6 7. Bb5 Be7 8. Nc3
Nxc3 9. bxc3 O-O 10. O-O Bg4 11. Qd3 Qc8 12. Bf4 Qf5 13. Qxf5 Bxf5 14. exd6
Bxd6 15. Bxd6 cxd6 16. Rfe1 a6 17. Ba4 b5 18. Bb3 Rae8 19. h3 h6 20. g4 Bd7 21.
Kg2 Na5 22. Bd5 Be6 23. Bxe6 Rxe6 24. Nd2 Rc8 25. Rxe6 fxe6 26. a4 Nc4 27. Ne4
bxa4 28. Rxa4 a5 29. f4 Kf8 30. h4 Ke7 31. h5 d5 32. Nc5 Rb8 33. Ra1 Rb2+ 34.
Kg3 Rc2 35. Re1 Rxc3+ 36. Kf2 Rc2+ 37. Kg3 Rc3+ 38. Kf2 Rc2+ 39. Kg3 Rc3+
1/2-1/2

[Event "MCR_CF01"]
[Site "?"]
[Date "2005.??.??"]
[Round "?"]
[White "Hampl, Bohumil"]
[Black "Kyzlink, Vladimir"]
[Result "0-1"]
[WhiteElo "2003"]
[BlackElo "2086"]
[PlyCount "96"]
[EventDate "2005.??.??"]
[EventType "corr"]
[EventRounds "2"]
[SourceDate "2005.03.12"]

1. e4 e5 2. Nf3 Nc6 3. d4 exd4 4. Bc4 Nf6 5. e5 d5 6. Bb5 Ne4 7. Nxd4 Bd7 8.
Bxc6 bxc6 9. O-O Bc5 10. f3 Ng5 11. f4 Ne4 12. Be3 Bb6 13. Nd2 Nxd2 14. Qxd2 c5
15. Nb3 d4 16. Bf2 Bb5 17. Rfe1 Qd5 18. f5 Bc6 19. Qg5 h6 20. Qg4 O-O-O 21. c3
h5 22. Qh3 g6 23. fxg6+ Bd7 24. Qh4 Rhg8 25. Qe4 Qxe4 26. Rxe4 Rxg6 27. Rf4 d3
28. Rxf7 Bh3 29. g3 Re6 30. Re1 Rd5 31. c4 Rdxe5 32. Rxe5 Rxe5 33. Rf3 Re2 34.
Rxd3 Rxb2 35. Re3 Rxa2 36. Re8+ Kd7 37. Re5 Rb2 38. Nc1 Rc2 39. Nd3 Bg4 40.
Bxc5 Rxc4 41. Bxb6 cxb6 42. Rxh5 Bxh5 43. Ne5+ Ke6 44. Nxc4 Kd5 45. Ne3+ Kd4
46. Kf2 b5 47. g4 Bf7 48. h4 b4 0-1

[Event "MCR_CF01"]
[Site "?"]
[Date "2005.??.??"]
[Round "?"]
[White "Hampl, Bohumil"]
[Black "Trs, Jan"]
[Result "0-1"]
[WhiteElo "2003"]
[BlackElo "2220"]
[PlyCount "72"]
[EventDate "2005.??.??"]
[EventType "corr"]
[EventRounds "2"]
[SourceDate "2005.03.12"]

1. e4 c5 2. c3 d5 3. exd5 Qxd5 4. d4 e6 5. Nf3 Nf6 6. Na3 Nc6 7. Nb5 Qd8 8.
dxc5 Bxc5 9. Qxd8+ Kxd8 10. Bf4 Ne4 11. Nfd4 Nxd4 12. Nxd4 e5 13. Bxe5 Re8 14.
O-O-O Rxe5 15. Nc6+ Kc7 16. Nxe5 Nxf2 17. Bc4 f6 18. Nd3 Be3+ 19. Kc2 Nxh1 20.
Rxh1 Bf5 21. h3 Re8 22. Re1 Re4 23. Kb3 a5 24. Bd5 Re7 25. Rd1 h5 26. Ne1 g5
27. a4 Rd7 28. Nc2 Bf4 29. Rd4 h4 30. Bf3 Be6+ 31. Ka3 Re7 32. Rd1 f5 33. Re1
Bd6+ 34. b4 g4 35. hxg4 fxg4 36. Bxg4 Bxg4 0-1

[Event "MCR_CF01"]
[Site "?"]
[Date "2005.??.??"]
[Round "?"]
[White "Houdek, Vladimir"]
[Black "Trs, Jan"]
[Result "0-1"]
[WhiteElo "2150"]
[BlackElo "2220"]
[PlyCount "90"]
[EventDate "2005.??.??"]
[EventType "corr"]
[EventRounds "2"]
[SourceDate "2005.03.12"]

1. Nf3 Nf6 2. c4 b6 3. d4 e6 4. a3 Ba6 5. Qc2 Bb7 6. Nc3 c5 7. e4 cxd4 8. Nxd4
Nc6 9. Nxc6 Bxc6 10. Bf4 Nh5 11. Be3 Qb8 12. g3 Bc5 13. Bxc5 bxc5 14. f4 e5 15.
Be2 Nf6 16. O-O O-O 17. Rad1 Re8 18. f5 Qb6 19. Bf3 Rab8 20. g4 h6 21. Rf2 Qd8
22. h4 Nh7 23. Rh2 Rb7 24. Qf2 Qe7 25. Rd2 Reb8 26. Qg3 a6 27. Bd1 Rb6 28. Rhg2
g5 29. fxg6 fxg6 30. g5 hxg5 31. Rdf2 Qd6 32. h5 gxh5 33. Bxh5 Rf8 34. Rxf8+
Kxf8 35. Rf2+ Kg7 36. Nd5 Bxd5 37. cxd5 c4 38. Kh1 a5 39. Be8 Kg8 40. Qh3 Qh6
41. Bxd7 Qxh3+ 42. Bxh3 Nf6 43. Bf5 Ne8 44. Kg2 Rb3 45. Kg1 Nd6 0-1

[Event "MCR_CF01"]
[Site "?"]
[Date "2005.??.??"]
[Round "?"]
[White "Kudr, Roman"]
[Black "Houdek, Vladimir"]
[Result "1-0"]
[WhiteElo "1987"]
[BlackElo "2151"]
[PlyCount "103"]
[EventDate "2005.??.??"]
[EventType "corr"]
[EventRounds "2"]
[SourceDate "2005.03.12"]

1. e4 e6 2. d4 d5 3. Nd2 c5 4. Ngf3 cxd4 5. exd5 Qxd5 6. Bc4 Qd6 7. O-O Nf6 8.
Nb3 Nc6 9. Nbxd4 Nxd4 10. Nxd4 a6 11. Bb3 Qc7 12. Qe2 Bd6 13. h3 O-O 14. Bg5
Bd7 15. Bxf6 gxf6 16. Rad1 Rad8 17. c3 f5 18. Qh5 Be5 19. Rd2 Bh2+ 20. Kh1 Bf4
21. Rd3 Bb5 22. Nxb5 axb5 23. Rd4 h6 24. g3 Bg5 25. h4 Bf6 26. Rxd8 Rxd8 27.
Qxh6 Qe5 28. Kg2 b4 29. cxb4 Qxb2 30. Rc1 Qd4 31. Rc4 Qd5+ 32. Kh2 Qe5 33. a4
Qb2 34. Kg2 Qe5 35. b5 Qd5+ 36. Kg1 Qe5 37. h5 Bg7 38. Qf4 Qe2 39. h6 Bf6 40.
Kg2 Rd2 41. Qb8+ Kh7 42. Rf4 Rd7 43. Qe8 Qd3 44. Bc2 Qd5+ 45. Be4 Qd6 46. Rxf5
exf5 47. Bxf5+ Kxh6 48. Qxd7 Qxd7 49. Bxd7 Bc3 50. b6 Ba5 51. Bc8 Bxb6 52. Bxb7
1-0

[Event "MCR_CF01"]
[Site "?"]
[Date "2005.??.??"]
[Round "?"]
[White "Kyzlink, Vladimir"]
[Black "Goc, Pavel"]
[Result "0-1"]
[WhiteElo "2086"]
[BlackElo "2106"]
[PlyCount "82"]
[EventDate "2005.??.??"]
[EventType "corr"]
[EventRounds "2"]
[SourceDate "2005.03.12"]

1. c4 Nf6 2. Nc3 e5 3. Nf3 Nc6 4. e4 Bb4 5. d3 d6 6. g3 O-O 7. Bg2 Nd4 8. O-O
Nxf3+ 9. Bxf3 Bh3 10. Bg2 Bxg2 11. Kxg2 c6 12. a3 Bxc3 13. bxc3 d5 14. cxd5
cxd5 15. f3 Rc8 16. Qb3 Qc7 17. Bb2 Rfd8 18. Rad1 Rd6 19. Rfe1 d4 20. c4 Nd7
21. Rb1 Nc5 22. Qc2 Rb6 23. Red1 Rb3 24. Ra1 a5 25. Ra2 a4 26. Qe2 b5 27. cxb5
Qb6 28. f4 f6 29. fxe5 fxe5 30. Bc1 Nxd3 31. Rxd3 Rxc1 32. Rc2 Rxc2 33. Qxc2
Qxb5 34. Qc8+ Kf7 35. Rd2 Rb2 36. Qf5+ Ke7 37. Rxb2 Qxb2+ 38. Kh3 Qb5 39. Qg5+
Kd6 40. Qxg7 Qd7+ 41. Kg2 Kc6 0-1

[Event "MCR_CF01"]
[Site "?"]
[Date "2005.??.??"]
[Round "?"]
[White "Kyzlink, Vladimir"]
[Black "Hampl, Bohumil"]
[Result "1-0"]
[WhiteElo "2086"]
[BlackElo "2003"]
[PlyCount "57"]
[EventDate "2005.??.??"]
[EventType "corr"]
[EventRounds "2"]
[SourceDate "2005.03.12"]

1. c4 Nf6 2. Nc3 e6 3. e4 d5 4. e5 d4 5. exf6 dxc3 6. bxc3 Qxf6 7. d4 b6 8. Be2
Bd6 9. Bf3 c6 10. Be4 e5 11. Nf3 Qe6 12. O-O f5 13. Bc2 e4 14. c5 bxc5 15. dxc5
Bxc5 16. Bb3 Qe7 17. Nd4 Bd6 18. Qh5+ g6 19. Qh6 Be5 20. Bg5 Qc7 21. Rad1 a5
22. Ne6 Bxe6 23. Bxe6 Na6 24. Rd7 Qxd7 25. Bxd7+ Kxd7 26. Qh3 h6 27. Bd2 Ke6
28. Qe3 Rad8 29. f3 1-0

[Event "MCR_CF01"]
[Site "?"]
[Date "2005.??.??"]
[Round "?"]
[White "Trs, Jan"]
[Black "Hampl, Bohumil"]
[Result "1-0"]
[WhiteElo "2220"]
[BlackElo "2003"]
[PlyCount "61"]
[EventDate "2005.??.??"]
[EventType "corr"]
[EventRounds "2"]
[SourceDate "2005.03.12"]

1. c4 Nf6 2. Nc3 e6 3. Nf3 d5 4. d4 Be7 5. Bg5 O-O 6. e3 h6 7. Bh4 b6 8. Rc1
Nbd7 9. cxd5 exd5 10. Be2 Bb7 11. O-O Re8 12. Qb3 c6 13. Qc2 a5 14. Rfd1 Ba6
15. Bxa6 Rxa6 16. Ne2 b5 17. Bxf6 Bxf6 18. Qd3 Qb6 19. Qf5 Nf8 20. Nf4 Qb7 21.
Rc2 Ne6 22. Nd3 b4 23. Rdc1 Rc8 24. a4 Rc7 25. b3 Ra8 26. Nfe5 Rac8 27. h3 Qb6
28. Qh5 Qb7 29. Kh1 Bg5 30. f4 Be7 31. Qxf7+ 1-0

[Event "MCR_CF01"]
[Site "?"]
[Date "2005.??.??"]
[Round "?"]
[White "Trs, Jan"]
[Black "Houdek, Vladimir"]
[Result "1-0"]
[WhiteElo "2220"]
[BlackElo "2151"]
[PlyCount "81"]
[EventDate "2005.??.??"]
[EventType "corr"]
[EventRounds "2"]
[SourceDate "2005.03.12"]

1. c4 e5 2. Nc3 Nf6 3. Nf3 Nc6 4. g3 d5 5. cxd5 Nxd5 6. Bg2 Nb6 7. O-O Be7 8.
d3 O-O 9. a3 Be6 10. b4 a5 11. b5 Nd4 12. Nd2 c6 13. bxc6 Nxc6 14. Rb1 Rc8 15.
Nde4 h6 16. Nd2 Nd4 17. Bb2 Rc7 18. Ba1 Rd7 19. Nb5 Nc6 20. Qc2 Qa8 21. Ne4 Rc8
22. Nbd6 Bxd6 23. Nxd6 Rxd6 24. Qc5 Nc4 25. dxc4 Rdd8 26. Qb5 Qb8 27. c5 Rc7
28. Rfd1 Bf5 29. Rbc1 Rcd7 30. Rxd7 Bxd7 31. Qb6 Be8 32. Bc3 Qc8 33. a4 f6 34.
Bxa5 e4 35. Bxe4 Rd4 36. Bc2 Nxa5 37. Qxa5 Bc6 38. Qc3 Qd7 39. a5 Kf8 40. Qb3
Rd2 41. f3 1-0